00876nam a2200241 a 450000100060000000300090000600800410001502000150005604000280007108200180009910000470011724500450016426000340020930000090024350501330025259001360038565000150052165000150053665000180055165000360056994200120060599900170061720676CO-ViMGA141112s2004 ck r 000 u spa d a9580219532 aCO-ViMGAbspacCO-ViMGA04a330 S175d - 11 aMorales Álvarez, Hernando Antonio92994810aDesarrollo I : bEconomía y política aBogotá : bVoluntad, c2004 a192p aVolumen 1 : Conceptos básicos de economía La producción - - Volumen 2 : Política internacional Geopolítica siglo XXI  aForma de adquisición : Compra fact.0546 - - Precio : 42500 - - Proveedor : Temas y libros - - Fecha de adquisición : Abril 200614aDEMOCRACIA14aECONOMÍA14aMONEDA91286614aPolítica Y EDUCACIÓN929949 2ddccBK c29669d29669